| 000 | 00500pab a2200193 454500 | ||
|---|---|---|---|
| 008 | 180718b2010 xxu||||| |||| 00| 0 eng d | ||
| 100 | _aShah, Ghanshyam | ||
| 245 | _aGlobalization and the poor: A study of Gujarat | ||
| 260 | _c2010 | ||
| 300 | _ap.43-67. | ||
| 362 | _aApr-Jun | ||
| 650 | _aLiberalization | ||
| 650 | _aPoverty | ||
| 650 | _aGlobalization | ||
| 700 | _aDesai, Kiran | ||
| 773 | _aIASSI Quarterly - Contributions to Indian Social Sciences | ||
| 908 | _aN | ||
| 909 | _a91364 | ||
| 999 |
_c91364 _d91364 |
||